Viaczdrojové financovanie zdravotníctva diplomová práca

Salvato in:
Dettagli Bibliografici
Autore principale: Švirlochová, Jana
Ente Autore: Národohospodárska fakulta EU. Katedra financií
Altri autori: Stanek, Vojtech
Natura: Libro
Lingua:slovacco
Pubblicazione: Bratislava 2008
Tags: Aggiungi Tag
Nessun Tag, puoi essere il primo ad aggiungerne!!

MARC

LEADER 00000nam$a2200000$$$4500
001 0078794
005 20240201120647.8
041 0 |a slo 
044 |a SK 
245 1 0 |a Viaczdrojové financovanie zdravotníctva  |b diplomová práca  |c Jana Švirlochová ; škol. Vojtech Stanek 
264 1 |a Bratislava  |c 2008 
300 |a 76 s. 
100 1 |a Švirlochová, Jana 
700 1 |a Stanek, Vojtech 
710 2 |a Národohospodárska fakulta EU. Katedra financií